[Event "Asia Nations online Cup"]
[Site "Chess.com INT"]
[Date "2020.10.10"]
[Round "1.15"]
[White "Nanjo, Ryosuke"]
[Black "Sikivou, Taione"]
[Result "1-0"]
[WhiteElo "2338"]
[BlackElo "1830"]
[PlyCount "105"]
[EventDate "2020.10.10"]
[EventType "team-swiss (rapid)"]
[EventRounds "9"]
[EventCountry "IND"]
[SourceTitle "CBM 198 Extra"]
[Source "ChessBase"]
[SourceDate "2020.11.30"]
[SourceVersion "1"]
[SourceVersionDate "2020.11.30"]
[SourceQuality "1"]
[WhiteTeam "Japan"]
[BlackTeam "Fiji"]
[WhiteTeamCountry "JPN"]
[BlackTeamCountry "FIJ"]

1. e4 c6 2. d4 d5 3. e5 c5 4. dxc5 Nc6 5. Nf3 Bg4 6. c3 Bxf3 7. Qxf3 Nxe5 8. Bb5+ Nc6 9. c4 e6 10. cxd5 Qxd5 11. Qxd5 exd5 12. Be3 0-0-0 13. 0-0 d4 14. Bg5 f6 15. Bf4 Bxc5 16. Rc1 Bd6 17. Bd2 Nge7 18. Na3 a6 19. Bd3 Kb8 20. Nc4 Bc7 21. a4 g5 22. b4 Ne5 23. Nxe5 Bxe5 24. b5 Ka7 25. bxa6 bxa6 26. Bb4 Nd5 27. Bc5+ Ka8 28. Bxa6 Nc3 29. Bd3 Rc8 30. Bb6 Rc6 31. a5 Rhc8 32. Kf1 h5 33. Bf5 Rf8 34. Be4 Rfc8 35. Bxc6+ Rxc6 36. g3 h4 37. Ra2 hxg3 38. hxg3 Kb7 39. Rd2 Ne4 40. Rdc2 Rxc2 41. Rxc2 d3 42. Ra2 Ka6 43. Ra3 d2 44. Rd3 Bc3 45. Ke2 f5 46. Rf3 Bb4 47. Rxf5 g4 48. Rf7 Bc3 49. Rf4 Nd6 50. Rxg4 Kb5 51. Rf4 Bb4 52. g4 Nc4 53. Rxc4 1-0

[Event "JPN-ch 52nd"]
[Site "Tokyo"]
[Date "2019.04.30"]
[Round "4"]
[White "Nanjo, Ryosuke"]
[Black "Otawa, Yuto"]
[Result "1-0"]
[WhiteElo "2324"]
[BlackElo "2161"]
[PlyCount "57"]
[EventDate "2019.04.29"]
[EventType "swiss"]
[EventRounds "10"]
[EventCountry "JPN"]
[SourceTitle "CBM 190 Extra"]
[Source "ChessBase"]
[SourceDate "2019.07.15"]
[SourceVersion "1"]
[SourceVersionDate "2019.07.15"]
[SourceQuality "1"]

1. d4 Nf6 2. c4 c5 3. d5 e6 4. Nc3 exd5 5. cxd5 d6 6. e4 g6 7. Bd3 Bg7 8. Nge2 a6 9. a4 Nbd7 10. Ng3 0-0 11. 0-0 Qc7 12. f4 Re8 13. Qf3 c4 14. Bc2 Nc5 15. h3 Nfd7 16. Kh1 Rb8 17. e5 dxe5 18. f5 Nf6 19. Bg5 e4 20. Qf2 Ncd7 21. Ngxe4 Nxe4 22. Nxe4 Ne5 23. fxg6 fxg6 24. Nf6+ Bxf6 25. Qxf6 b5 26. Rae1 Rb6 27. Qf4 Bb7 28. Bh6 Qd6 29. Qf7+ 1-0

[Event "Olympiad-43"]
[Site "Batumi"]
[Date "2018.10.04"]
[Round "10.2"]
[White "Nanjo, Ryosuke"]
[Black "Nay, Oo Kyaw Tun"]
[Result "1/2-1/2"]
[WhiteElo "2324"]
[BlackElo "2389"]
[PlyCount "54"]
[EventDate "2018.09.24"]
[EventType "team-swiss"]
[EventRounds "11"]
[EventCountry "GEO"]
[SourceTitle "CBM 187"]
[Source "ChessBase"]
[SourceDate "2018.12.11"]
[SourceVersion "1"]
[SourceVersionDate "2018.12.11"]
[SourceQuality "1"]
[WhiteTeam "Japan"]
[BlackTeam "Myanmar"]
[WhiteTeamCountry "JPN"]
[BlackTeamCountry "MYA"]

1. e4 e6 2. d4 d5 3. Nc3 Nf6 4. e5 Nfd7 5. f4 c5 6. Nf3 Nc6 7. Be3 a6 8. Qd2 b5 9. Nd1 Qb6 10. Be2 cxd4 11. Nxd4 Nxd4 12. Bxd4 Bc5 13. c3 0-0 14. 0-0 b4 15. Kh1 Rb8 16. Bd3 g6 17. Bc2 a5 18. Rf3 f5 19. exf6 Bxd4 20. cxd4 Nxf6 21. Nf2 Bd7 22. Re1 Rbc8 23. Bb1 Rc4 24. Rd3 Qd6 25. Rf3 Qb6 26. Rd3 Qd6 27. Rf3 Qb6 1/2-1/2

[Event "Olympiad-43"]
[Site "Batumi"]
[Date "2018.10.03"]
[Round "9.2"]
[White "Cori, Jorge Moise"]
[Black "Nanjo, Ryosuke"]
[Result "1-0"]
[WhiteElo "2664"]
[BlackElo "2324"]
[PlyCount "119"]
[EventDate "2018.09.24"]
[EventType "team-swiss"]
[EventRounds "11"]
[EventCountry "GEO"]
[SourceTitle "CBM 187"]
[Source "ChessBase"]
[SourceDate "2018.12.11"]
[SourceVersion "1"]
[SourceVersionDate "2018.12.11"]
[SourceQuality "1"]
[WhiteTeam "Peru"]
[BlackTeam "Japan"]
[WhiteTeamCountry "PER"]
[BlackTeamCountry "JPN"]

1. c4 Nf6 2. Nc3 g6 3. g3 Bg7 4. Bg2 0-0 5. Nf3 c6 6. d3 d5 7. cxd5 cxd5 8. 0-0 Nc6 9. Bf4 d4 10. Na4 Nd5 11. Bd2 b6 12. Rc1 Bb7 13. a3 Qd7 14. b4 Ne5 15. Nxe5 Bxe5 16. Qb3 h5 17. b5 h4 18. Nb2 Kg7 19. f4 Bf6 20. Rc6 Rad8 21. Qxd5 Qxd5 22. Bxd5 Rxd5 23. Rc7 Rxb5 24. Nc4 Bc8 25. Bb4 Re8 26. Rxa7 Bg4 27. Kf2 hxg3+ 28. hxg3 Rh5 29. Ke1 Rh2 30. Rf2 Rxf2 31. Kxf2 Rh8 32. Bxe7 Rh2+ 33. Kf1 Bxe2+ 34. Kg1 Rh7 35. Nd6 Bxe7 36. Rxe7 Bxd3 37. Rxf7+ Kg8 38. Rxh7 Kxh7 39. Kf2 Kg7 40. Nc8 b5 41. Na7 Kf6 42. Nc6 g5 43. Nxd4 gxf4 44. gxf4 Ke7 45. Ke3 Bc4 46. Nc2 Kd6 47. Kd4 Ke6 48. Kc5 Bd3 49. Ne3 Be2 50. Kd4 Bf3 51. Nf1 Be2 52. Ng3 Bc4 53. a4 Kd6 54. Ne4+ Ke6 55. Nc3 Kf5 56. Nxb5 Bb3 57. a5 Kxf4 58. a6 Bd1 59. Nc3 Bf3 60. Nd5+ 1-0

[Event "Olympiad-43"]
[Site "Batumi"]
[Date "2018.10.02"]
[Round "8.2"]
[White "Nanjo, Ryosuke"]
[Black "Amini, Habibullah"]
[Result "1-0"]
[WhiteElo "2324"]
[BlackElo "1988"]
[PlyCount "75"]
[EventDate "2018.09.24"]
[EventType "team-swiss"]
[EventRounds "11"]
[EventCountry "GEO"]
[SourceTitle "CBM 187"]
[Source "ChessBase"]
[SourceDate "2018.12.11"]
[SourceVersion "1"]
[SourceVersionDate "2018.12.11"]
[SourceQuality "1"]
[WhiteTeam "Japan"]
[BlackTeam "Afghanistan"]
[WhiteTeamCountry "JPN"]
[BlackTeamCountry "AFG"]

1. e4 e6 2. d4 d5 3. Nc3 Bb4 4. e5 c5 5. a3 Bxc3+ 6. bxc3 Qa5 7. Bd2 Qa4 8. Qb1 c4 9. h4 Nc6 10. h5 h6 11. Ne2 Nge7 12. g4 Bd7 13. Bh3 0-0-0 14. Qb2 Rdf8 15. f4 f5 16. 0-0-0 fxg4 17. Bxg4 Rhg8 18. Rdg1 g6 19. Ng3 Nf5 20. Bd1 Nxg3 21. Rxg3 gxh5 22. Rxg8 Rxg8 23. Rxh5 Ne7 24. Rxh6 Rg1 25. Be3 Rf1 26. Kd2 Nf5 27. Rh8+ Kc7 28. Be2 Nxe3 29. Kxe3 Rg1 30. Rh7 Kc8 31. Kf2 Rg8 32. Bf3 Rf8 33. Ke3 a5 34. f5 Rxf5 35. Bg4 Rf8 36. Bxe6 Rd8 37. Qb6 Qc6 38. Bxd7+ 1-0

[Event "Olympiad-42"]
[Site "Baku"]
[Date "2016.09.08"]
[Round "6.2"]
[White "Nanjo, Ryosuke"]
[Black "Berend, Fred"]
[Result "1-0"]
[WhiteElo "2340"]
[BlackElo "2328"]
[PlyCount "93"]
[EventDate "2016.09.02"]
[EventType "team-swiss"]
[EventRounds "11"]
[EventCountry "AZE"]
[SourceTitle "CBM 175"]
[Source "ChessBase"]
[SourceDate "2016.11.10"]
[SourceVersion "1"]
[SourceVersionDate "2016.11.10"]
[SourceQuality "1"]
[WhiteTeam "Japan"]
[BlackTeam "Luxembourg"]
[WhiteTeamCountry "JPN"]
[BlackTeamCountry "LUX"]

1. e4 e5 2. Nf3 Nc6 3. Bb5 Nf6 4. d3 Bc5 5. Bxc6 dxc6 6. Nbd2 0-0 7. 0-0 Nd7 8. Nc4 Re8 9. Bd2 Bd6 10. Bc3 c5 11. a4 b6 12. Nfd2 Qg5 13. Nxd6 cxd6 14. Nc4 Re6 15. Bd2 Qe7 16. f4 exf4 17. Bxf4 Ne5 18. Bxe5 dxe5 19. Qh5 Bd7 20. Rf3 g6 21. Qh6 Qf8 22. Qh4 Qg7 23. Raf1 Rf8 24. b3 Bc6 25. Rf6 g5 26. Qf2 Bd7 27. h3 Bc8 28. Rf3 g4 29. hxg4 Rg6 30. Ne3 Bxg4 31. Rf6 Be6 32. Qh4 Re8 33. R1f2 h6 34. Rxg6 fxg6 35. Ng4 Bxg4 36. Qxg4 Kh7 37. Qf3 Re7 38. Qf6 h5 39. Qd6 Kh6 40. Rf6 Re8 41. c3 Kg5 42. Rf3 h4 43. d4 exd4 44. Qf4+ Kh5 45. g4+ hxg3 46. Rxg3 g5 47. Rh3+ 1-0

[Event "Olympiad-42"]
[Site "Baku"]
[Date "2016.09.06"]
[Round "5.2"]
[White "Khusenkhojaev, Mustafokhuja"]
[Black "Nanjo, Ryosuke"]
[Result "0-1"]
[WhiteElo "2212"]
[BlackElo "2340"]
[PlyCount "110"]
[EventDate "2016.09.02"]
[EventType "team-swiss"]
[EventRounds "11"]
[EventCountry "AZE"]
[SourceTitle "CBM 175"]
[Source "ChessBase"]
[SourceDate "2016.11.10"]
[SourceVersion "1"]
[SourceVersionDate "2016.11.10"]
[SourceQuality "1"]
[WhiteTeam "Tajikistan"]
[BlackTeam "Japan"]
[WhiteTeamCountry "TJK"]
[BlackTeamCountry "JPN"]

1. d4 Nf6 2. c4 g6 3. Nc3 Bg7 4. Nf3 0-0 5. g3 c6 6. Bg2 d5 7. cxd5 cxd5 8. 0-0 Nc6 9. Ne5 Nd7 10. Nf3 Nb6 11. b3 Bg4 12. Be3 Rc8 13. Rc1 Bxf3 14. exf3 e6 15. Qd2 Qe7 16. Rfd1 Qb4 17. h4 Ne7 18. g4 Rc6 19. Ne2 Qxd2 20. Bxd2 Rfc8 21. f4 f5 22. g5 h5 23. Bf1 Kf7 24. a4 Rxc1 25. Rxc1 Rxc1 26. Bxc1 Nc6 27. Bb2 Nc8 28. f3 Nb4 29. Nc1 Nc2 30. Ne2 Ne7 31. Kg2 Nc6 32. Kg3 a6 33. Bc3 N2xd4 34. Nxd4 Bxd4 35. Bd2 Bc5 36. Bd3 Ke7 37. Bc3 Kd7 38. Kg2 Bb4 39. Bg7 Bd2 40. Kg3 Be1+ 41. Kg2 Bd2 42. Kg3 Nb4 43. Bb1 Kc6 44. Bf8 Kb6 45. Bxb4 Bxb4 46. Kf2 Kc5 47. Ke3 Be1 48. Bc2 Bxh4 49. b4+ Kxb4 50. Kd4 Bf2+ 51. Ke5 Kc3 52. Bd1 h4 53. Be2 h3 54. Bf1 h2 55. Bg2 d4 0-1

[Event "Olympiad-42"]
[Site "Baku"]
[Date "2016.09.04"]
[Round "3.2"]
[White "Nanjo, Ryosuke"]
[Black "Atabayev, Yusup"]
[Result "0-1"]
[WhiteElo "2340"]
[BlackElo "2453"]
[PlyCount "92"]
[EventDate "2016.09.02"]
[EventType "team-swiss"]
[EventRounds "11"]
[EventCountry "AZE"]
[SourceTitle "CBM 175"]
[Source "ChessBase"]
[SourceDate "2016.11.10"]
[SourceVersion "1"]
[SourceVersionDate "2016.11.10"]
[SourceQuality "1"]
[WhiteTeam "Japan"]
[BlackTeam "Turkmenistan"]
[WhiteTeamCountry "JPN"]
[BlackTeamCountry "TKM"]

1. e4 c5 2. Nf3 d6 3. d4 cxd4 4. Nxd4 Nf6 5. Nc3 a6 6. Be3 e5 7. Nb3 Be6 8. f3 h5 9. Qd2 Nbd7 10. Nd5 Bxd5 11. exd5 g6 12. Be2 Bg7 13. Na5 Qc7 14. 0-0 e4 15. f4 0-0 16. c4 Ng4 17. Bxg4 hxg4 18. Rab1 f5 19. b4 b6 20. Nc6 Nb8 21. Nxb8 Rfxb8 22. Rfc1 a5 23. bxa5 bxa5 24. Rb5 a4 25. Qb4 a3 26. c5 dxc5 27. Rcxc5 Bf8 28. Rxc7 Bxb4 29. Rcb7 Rxb7 30. Rxb7 Bf8 31. Rb6 Rd8 32. Rxg6+ Kf7 33. Rc6 Rxd5 34. Kf2 Rb5 35. Bd4 Be7 36. Rc2 Ke6 37. Ke3 Rb1 38. Be5 Rh1 39. g3 Kd5 40. Rd2+ Kc4 41. Rd4+ Kb5 42. Rd5+ Kc6 43. Ra5 Bc5+ 44. Bd4 Re1+ 45. Kd2 Bb4+ 46. Bc3 Bxa5 0-1

[Event "Olympiad-42"]
[Site "Baku"]
[Date "2016.09.02"]
[Round "1.2"]
[White "Nanjo, Ryosuke"]
[Black "Almasi, Zoltan"]
[Result "1/2-1/2"]
[WhiteElo "2340"]
[BlackElo "2684"]
[PlyCount "68"]
[EventDate "2016.09.02"]
[EventType "team-swiss"]
[EventRounds "11"]
[EventCountry "AZE"]
[SourceTitle "CBM 175"]
[Source "ChessBase"]
[SourceDate "2016.11.10"]
[SourceVersion "1"]
[SourceVersionDate "2016.11.10"]
[SourceQuality "1"]
[WhiteTeam "Japan"]
[BlackTeam "Hungary"]
[WhiteTeamCountry "JPN"]
[BlackTeamCountry "HUN"]

1. e4 d6 2. d4 Nf6 3. Nc3 e5 4. Nf3 Nbd7 5. Bc4 Be7 6. 0-0 c6 7. a4 Qc7 8. h3 0-0 9. Re1 h6 10. Ba2 Re8 11. d5 Bf8 12. Be3 cxd5 13. Nxd5 Nxd5 14. Bxd5 Nf6 15. c4 Nxd5 16. cxd5 f5 17. exf5 Bxf5 18. Nd2 Qf7 19. Qb3 Rec8 20. Rec1 b6 21. Rc3 Rd8 22. a5 bxa5 23. Rxa5 Rdb8 24. Qa3 Rb7 25. Rb3 Rc7 26. Rc3 Rb7 27. Rb3 Rd7 28. Rc3 Rb7 29. Rb3 Rc8 30. Rc3 Rcb8 31. Bxa7 Ra8 32. Bb6 Rab8 33. Ba7 Ra8 34. Bb6 Rab8 1/2-1/2

[Event "North American op 24th"]
[Site "Las Vegas"]
[Date "2014.12.30"]
[Round "9"]
[White "Kavutskiy, Konstantin"]
[Black "Nanjo, Ryosuke"]
[Result "1/2-1/2"]
[WhiteElo "2332"]
[BlackElo "2348"]
[PlyCount "99"]
[EventDate "2014.12.26"]
[EventType "swiss"]
[EventRounds "9"]
[EventCountry "USA"]
[SourceTitle "CBM 164 Extra"]
[Source "ChessBase"]
[SourceDate "2015.03.02"]
[SourceVersion "1"]
[SourceVersionDate "2015.03.02"]
[SourceQuality "1"]

1. d4 d5 2. c4 e6 3. Nf3 c6 4. e3 Nf6 5. Nbd2 Nbd7 6. Bd3 Bd6 7. 0-0 0-0 8. e4 e5 9. cxd5 cxd5 10. exd5 exd4 11. Ne4 Nxe4 12. Bxe4 Nc5 13. Bc2 Bg4 14. h3 Bh5 15. Qxd4 Bxf3 16. gxf3 Nd7 17. Be3 Ne5 18. Kg2 Rc8 19. Rac1 f5 20. Bd1 f4 21. Rxc8 Qxc8 22. Bd2 Qf5 23. Qe4 Qg5+ 24. Kh2 Rf6 25. Rg1 Qh5 26. Qe2 Rh6 27. Qf1 Nf7 28. Rg4 Ne5 29. Rg1 g6 30. Qg2 Nc4 31. Bc3 Qf5 32. Qg4 Qxg4 33. Rxg4 Rh5 34. Be2 b5 35. b3 Na3 36. h4 Rxd5 37. Rg5 Rxg5 38. hxg5 a6 39. Kh3 Kf7 40. Bd3 Ke6 41. Kg4 Kd5 42. Bb2 a5 43. Bxa3 Bxa3 44. Kxf4 Bc1+ 45. Kg4 b4 46. Bc4+ Ke5 47. Bg8 h6 48. gxh6 Bxh6 49. Bf7 Kf6 50. Be8 1/2-1/2

[Event "North American op 24th"]
[Site "Las Vegas"]
[Date "2014.12.29"]
[Round "8"]
[White "Nanjo, Ryosuke"]
[Black "Wheeler, Cameron"]
[Result "1-0"]
[WhiteElo "2348"]
[BlackElo "2284"]
[PlyCount "87"]
[EventDate "2014.12.26"]
[EventType "swiss"]
[EventRounds "9"]
[EventCountry "USA"]
[SourceTitle "CBM 164 Extra"]
[Source "ChessBase"]
[SourceDate "2015.03.02"]
[SourceVersion "1"]
[SourceVersionDate "2015.03.02"]
[SourceQuality "1"]

1. e4 e6 2. d4 d5 3. Nc3 Nf6 4. e5 Nfd7 5. f4 c5 6. Nf3 Nc6 7. Be3 a6 8. Qd2 b5 9. a3 Qa5 10. Rb1 Qb6 11. Nd1 a5 12. dxc5 Bxc5 13. b4 Bxe3 14. Qxe3 d4 15. Qd3 axb4 16. axb4 Ra2 17. Qxb5 Rxc2 18. Qxb6 Nxb6 19. b5 Ne7 20. Nxd4 Rc7 21. Be2 0-0 22. Ne3 Rd8 23. Rd1 Bb7 24. 0-0 Ned5 25. Nxd5 Nxd5 26. Nb3 Ra8 27. g3 Ra2 28. Bf3 g5 29. Rc1 Rxc1 30. Nxc1 Rc2 31. Nd3 gxf4 32. gxf4 Rc3 33. Be2 Rc2 34. Rf2 Ra2 35. Nc5 Ba8 36. Bf3 Ra1+ 37. Rf1 Ra5 38. Rb1 Nc3 39. Rb3 Bxf3 40. Rxc3 Rxb5 41. Nd7 Bd5 42. Nf6+ Kg7 43. Rg3+ Kh6 44. Rg5 1-0

[Event "Hong Kong op"]
[Site "Hong Kong"]
[Date "2014.10.05"]
[Round "9"]
[White "Wang, Yiou"]
[Black "Nanjo, Ryosuke"]
[Result "0-1"]
[WhiteElo "1857"]
[BlackElo "2384"]
[PlyCount "148"]
[EventDate "2014.10.01"]
[EventType "swiss"]
[EventRounds "9"]
[EventCountry "HKG"]
[SourceTitle "CBM 162 Extra"]
[Source "ChessBase"]
[SourceDate "2014.10.17"]
[SourceVersion "1"]
[SourceVersionDate "2014.10.17"]
[SourceQuality "1"]

1. d4 e6 2. c4 f5 3. g3 Nf6 4. Bg2 Be7 5. Nf3 0-0 6. 0-0 d6 7. Nc3 a5 8. b3 Ne4 9. Bb2 Nxc3 10. Bxc3 Qe8 11. Ne1 Nd7 12. Nd3 Nf6 13. f3 d5 14. Qc2 b6 15. Nf2 Ba6 16. Bb2 Rd8 17. e4 dxc4 18. bxc4 f4 19. g4 e5 20. dxe5 Nd7 21. Rfd1 Bc5 22. Qc3 Qe6 23. Bf1 Rde8 24. Qd3 Nxe5 25. Bxe5 Qxe5 26. Qd5+ Qe6 27. Kg2 Bc8 28. Nd3 Be3 29. Ne1 Qf7 30. Qxf7+ Kxf7 31. Nc2 Bc5 32. Rd3 h5 33. h3 Rh8 34. Be2 Rh7 35. Rh1 Reh8 36. Rdd1 g5 37. Na1 Be6 38. Nb3 Be3 39. Nd4 hxg4 40. Nxe6 gxh3+ 41. Rxh3 Kxe6 42. Rxh7 Rxh7 43. Rd5 Rg7 44. Kh3 Bc5 45. Bd1 c6 46. Rd3 Rh7+ 47. Kg2 Ke5 48. Ba4 Rh6 49. Rd8 Rg6 50. Bd1 Be3 51. Rd7 Bc5 52. Rd3 Bd4 53. Rd2 Rg7 54. Kh3 Rh7+ 55. Kg2 Bc3 56. Re2 Rd7 57. Ba4 Rd3 58. Bc2 Rd4 59. Bb3 Bb4 60. Kh3 Be7 61. Kg2 Rd3 62. Bc2 Rc3 63. Bb3 g4 64. Rf2 Bc5 65. Rf1 gxf3+ 66. Rxf3 Be3 67. Rf1 Kxe4 68. Rd1 a4 69. Bxa4 Rxc4 70. Bb3 Rc5 71. Rh1 f3+ 72. Kg3 Rg5+ 73. Kh3 Kf4 74. Bf7 Rg7 0-1

[Event "Hong Kong op"]
[Site "Hong Kong"]
[Date "2014.10.03"]
[Round "6"]
[White "Nanjo, Ryosuke"]
[Black "Lim, Kian Hwa"]
[Result "1-0"]
[WhiteElo "2384"]
[BlackElo "1787"]
[PlyCount "77"]
[EventDate "2014.10.01"]
[EventType "swiss"]
[EventRounds "9"]
[EventCountry "HKG"]
[SourceTitle "CBM 162 Extra"]
[Source "ChessBase"]
[SourceDate "2014.10.17"]
[SourceVersion "1"]
[SourceVersionDate "2014.10.17"]
[SourceQuality "1"]

1. e4 e5 2. Nf3 Nc6 3. Bb5 a6 4. Ba4 Nf6 5. Bxc6 dxc6 6. d3 Bd6 7. Nbd2 Be6 8. b3 Qe7 9. Bb2 Nd7 10. 0-0 0-0-0 11. Qe2 g5 12. d4 Bg4 13. Nc4 f6 14. Ne3 Bxf3 15. Qxf3 h5 16. d5 g4 17. Qe2 c5 18. a3 Qh7 19. Nf5 Nb6 20. Bc1 Bf8 21. c4 Kb8 22. Rb1 Nc8 23. b4 cxb4 24. Be3 Ne7 25. Nxe7 Bxe7 26. axb4 h4 27. b5 a5 28. b6 c6 29. dxc6 bxc6 30. c5 Kb7 31. Qxg4 Rhg8 32. Qf3 Rd3 33. Rfd1 Rgd8 34. Rxd3 Rxd3 35. Qg4 a4 36. Ra1 a3 37. Rxa3 Qxe4 38. Ra7+ Kb8 39. Ra8+ 1-0

[Event "Hong Kong op"]
[Site "Hong Kong"]
[Date "2014.10.02"]
[Round "4"]
[White "Nanjo, Ryosuke"]
[Black "Borigas, Edgardo"]
[Result "1-0"]
[WhiteElo "2384"]
[BlackElo "1895"]
[PlyCount "57"]
[EventDate "2014.10.01"]
[EventType "swiss"]
[EventRounds "9"]
[EventCountry "HKG"]
[SourceTitle "CBM 162 Extra"]
[Source "ChessBase"]
[SourceDate "2014.10.17"]
[SourceVersion "1"]
[SourceVersionDate "2014.10.17"]
[SourceQuality "1"]

1. e4 c6 2. d4 d5 3. e5 Bf5 4. Be2 e6 5. Nf3 Nd7 6. 0-0 Qc7 7. c3 Rc8 8. b4 b6 9. Nh4 Bg6 10. a4 c5 11. Ba6 Rb8 12. Na3 cxb4 13. cxb4 Bxb4 14. Nb5 Qd8 15. Qb3 Be7 16. Ba3 Nh6 17. Nxg6 hxg6 18. Nxa7 Nf5 19. Nc6 Nxd4 20. Nxd4 Bc5 21. Nc6 Qh4 22. Qg3 Qh5 23. Nxb8 Nxb8 24. Bb5+ Ke7 25. a5 Bxa3 26. Qxa3+ Kd8 27. Qd6+ Kc8 28. Rfc1+ Kb7 29. Rc7+ 1-0

[Event "Olympiad-41"]
[Site "Tromsoe"]
[Date "2014.08.14"]
[Round "11.1"]
[White "Nanjo, Ryosuke"]
[Black "Djukic, Nikola"]
[Result "1-0"]
[WhiteElo "2344"]
[BlackElo "2521"]
[PlyCount "95"]
[EventDate "2014.08.02"]
[EventType "team-swiss"]
[EventRounds "11"]
[EventCountry "NOR"]
[SourceTitle "CBM 162"]
[Source "ChessBase"]
[SourceDate "2014.09.17"]
[SourceVersion "1"]
[SourceVersionDate "2014.09.17"]
[SourceQuality "1"]
[WhiteTeam "Japan"]
[BlackTeam "Montenegro"]
[WhiteTeamCountry "JPN"]
[BlackTeamCountry "MNE"]

1. e4 c5 2. Nf3 Nc6 3. d4 cxd4 4. Nxd4 Qc7 5. Nc3 e6 6. Be3 a6 7. Qd2 Nf6 8. f3 Ne5 9. 0-0-0 Bb4 10. Nb3 b5 11. Qe1 Be7 12. f4 Ng6 13. e5 Ng4 14. Ne4 Nxe3 15. Qxe3 0-0 16. h4 Bb7 17. Bd3 f5 18. exf6 gxf6 19. Rhf1 f5 20. Nec5 Bd5 21. g4 Bd6 22. Kb1 Bxf4 23. Qe2 Rf7 24. gxf5 exf5 25. h5 Nf8 26. Bxb5 axb5 27. Rxd5 Qc6 28. Qf3 Be3 29. Nd3 f4 30. Rg5+ Rg7 31. Rxg7+ Kxg7 32. Qg4+ Kh8 33. Nxf4 Rc8 34. Qe2 Qc4 35. Nd3 Bh6 36. Qg2 d6 37. Na5 Qc7 38. Nb3 Qe7 39. Nd4 Nd7 40. Nf5 Qf6 41. Nxh6 Qxh6 42. Qb7 Rd8 43. Qxb5 Qg7 44. Qd5 Nf6 45. Qf3 Nd7 46. Qe3 Nf6 47. h6 Qg6 48. Qe7 1-0

[Event "Olympiad-41"]
[Site "Tromsoe"]
[Date "2014.08.12"]
[Round "10.1"]
[White "McNab, Colin Anderson"]
[Black "Nanjo, Ryosuke"]
[Result "0-1"]
[WhiteElo "2441"]
[BlackElo "2344"]
[PlyCount "96"]
[EventDate "2014.08.02"]
[EventType "team-swiss"]
[EventRounds "11"]
[EventCountry "NOR"]
[SourceTitle "CBM 162"]
[Source "ChessBase"]
[SourceDate "2014.09.17"]
[SourceVersion "1"]
[SourceVersionDate "2014.09.17"]
[SourceQuality "1"]
[WhiteTeam "Scotland"]
[BlackTeam "Japan"]
[WhiteTeamCountry "SCO"]
[BlackTeamCountry "JPN"]

1. c4 e5 2. Nc3 Bb4 3. Nd5 Bc5 4. Nf3 e4 5. Ng5 e3 6. d4 exf2+ 7. Kxf2 Be7 8. Nf3 Nf6 9. Nxf6+ Bxf6 10. Bf4 d6 11. Qd2 Bg4 12. e3 Nd7 13. Bd3 0-0 14. Rhf1 Bxf3 15. gxf3 Re8 16. Rae1 c5 17. d5 Ne5 18. Re2 a6 19. Kg2 Qd7 20. Qc2 g6 21. Bg3 b5 22. b3 Rab8 23. f4 bxc4 24. Bxc4 Nxc4 25. Qxc4 Qb5 26. Qxb5 axb5 27. e4 Bd4 28. Kf3 f5 29. e5 dxe5 30. fxe5 Rbd8 31. d6 Kf7 32. Bf4 Rd7 33. b4 cxb4 34. Rd1 Bc3 35. Rd5 Ke6 36. Rxb5 Ra8 37. Be3 Ra3 38. Kg2 g5 39. Bc5 f4 40. Kf2 g4 41. Bxb4 Bd4+ 42. Ke1 Rd3 43. Re4 f3 44. Rf4 f2+ 45. Kf1 Rf7 46. Rxf7 Rd1+ 47. Ke2 Kxf7 48. Rb7+ Kg6 0-1

[Event "Olympiad-41"]
[Site "Tromsoe"]
[Date "2014.08.04"]
[Round "3.1"]
[White "Nanjo, Ryosuke"]
[Black "Ragger, Markus"]
[Result "0-1"]
[WhiteElo "2344"]
[BlackElo "2644"]
[PlyCount "76"]
[EventDate "2014.08.02"]
[EventType "team-swiss"]
[EventRounds "11"]
[EventCountry "NOR"]
[SourceTitle "CBM 162"]
[Source "ChessBase"]
[SourceDate "2014.09.17"]
[SourceVersion "1"]
[SourceVersionDate "2014.09.17"]
[SourceQuality "1"]
[WhiteTeam "Japan"]
[BlackTeam "Austria"]
[WhiteTeamCountry "JPN"]
[BlackTeamCountry "AUT"]

1. e4 e5 2. Nf3 Nc6 3. Bb5 a6 4. Ba4 Nf6 5. 0-0 Be7 6. d3 d6 7. c3 0-0 8. Re1 b5 9. Bb3 Na5 10. Bc2 c5 11. Nbd2 Nc6 12. Nf1 Be6 13. Ng3 h6 14. h3 Rc8 15. a4 b4 16. Bb3 Qe8 17. Bxe6 fxe6 18. d4 c4 19. d5 exd5 20. exd5 Na5 21. Nf5 Qd7 22. N3h4 Rf7 23. Re3 Nh7 24. Qg4 Bg5 25. Nxd6 Qxd6 26. Qxc8+ Rf8 27. Qe6+ Qxe6 28. dxe6 Bxh4 29. e7 Bxe7 30. Rxe5 Nb3 31. Rb1 Bf6 32. Re4 bxc3 33. bxc3 Rc8 34. Re6 a5 35. Bb2 Nc5 36. Rb6 Nxa4 37. Rb5 Nf8 38. Rxa5 Nxb2 0-1